Cultura y comunicación /

Spremljeno u:
Bibliografski detalji
Glavni autor: Prieto, Francisco (autor)
Format: Knjiga
Jezik:španjolski
Izdano: México : Premiá, 1984, c1984
Serija:(La Red de Jonás Ensayo. Sección Comunicación ; 4)
Teme:
Oznake: Dodaj oznaku
Bez oznaka, Budi prvi tko označuje ovaj zapis!

MARC

LEADER 00000nam^a2200000^a^4500
001 000316114
005 20250521000000.0
009 20260310113303.422
020 |a 968-434-325-6 
037 |a Acervo Xavier Clavigero 
041 |a ESP 
082 |a 302. 201  |b PRI 
100 |a Prieto, Francisco  |e (autor) 
245 1 0 |a Cultura y comunicación /  |c F. Prieto. 
264 4 |a México :  |b Premiá,  |c 1984, c1984 
300 |a 91 p. 
336 |a texto  |b txt  |2 rdacontenido 
337 |a sin mediación  |b n  |2 rdamedio 
338 |a volumen  |b nc  |2 rdasoporte 
440 4 |a (La Red de Jonás Ensayo.  |p Sección Comunicación ;  |v 4) 
649 |a XX 
650 |a Novela -  |x Teoría 
650 |a Literatura Popular -  |x Teoría 
650 |a Desarrollo Económico-Social 
650 |a Poder (Ciencias Sociales) 
650 |a Cultura 
650 |a Recepción y Apropiación de la Comunicación 
650 |a Comunicación Masiva 
650 |a Sociología de la Comunicación 
910 |a Fondo General 
920 |a Impresos - Libros 
930 |a Colección General 
905 |a 101 
901 |a 037289  |b IT1  |c ACC  |u 20250521 
902 |a https://opac.biblio.iteso.mx/vufind/Record/000316114